000 00862nam a22002417a 4500
999 _c107931
_d107931
005 20200213101404.0
010 _aA-318597
020 _c30.00
035 _aA-318597
037 _bCen Lib/Ret
082 _a841.08
100 _aنظیر احمد
245 _aغالب نامہ:
_bاردو میں علمی ادبی اور تحقیقی رفتار کا آینہ /
_cنظیر احمد
246 _aGhalib Nama: Urdu Mein Ilmi Adabi Aur Tehqiqi Raftar Ka Aaina /
_bby Nazeer Ahmad
260 _bغالب انسٹیٹیوٹ
_c1987 ء
_aنیی دہلی
270 _aایوان غالب مارگ
_bنیی دہلی
_e110002
300 _a231p.:
_c21cm(Hb)
_bill.
650 _aادب --اردو
650 _aاردو نظم
650 _aLiterature -- Urdu
650 _aUrdu poetry
942 _2ddc
_cUR
_h841.08
_mن ذ ی